Gala 0 OT2023 - Estadísticas

Estadísticas generales
  • Esta prueba ha sido intentada 25 veces
  • La puntuación promedio es 7 de 18
Estadísticas de respuestas
Imagen Hint Respuesta % Correcto
Violeta CRAZY
76%
Naiara Me muero
76%
Denna A Ella
59%
Suzete Di mi nombre
47%
Álex Márquez Juramento Eterno de Sal
41%
Martin Somewhere Only We Know
41%
Paul Thin Way Down We Go
41%
Omar Canela en rama
35%
Ruslana I Love Rock'N Roll
35%
Cris Pasos de cero
35%
Juanjo Crazy Little Thing Called Love
29%
Salma Historia De Un Amor
29%
Edu Regrésame mi corazón
29%
Álvaro Mayo Baby One More Time
24%
Lucas De Música Ligera
24%
Lina de Sol Nunca es suficiente
24%
Bea Never Can Say Goodbye
12%
Chiara For Once In My Life
6%
No se encontraron pruebas coincidentes
Distribución de puntuación
Porcentaje de gente con cada puntuación
Porcentaje por número respondido
Historial de tus puntuaciones
No has intentado esta prueba.